00432nam a22001331a 4500003000600000005001700006008004100023100001800064245005300082260002900135300000900164500007700173630004800250NEGST20110718122230.0030618s1978 001 0 eng d1 aCover, Robin.14aThe use of Hebel in Ecclesiastes /cRobin Cover. a[S.l.] :b[s.n.],c1978. a93p. aThesis (M.Th.) Dallas Theological Seminary, 1978. Includes bibliography.00aBible. O.T. EcclesiastesxLanguage, Style.